Krátkodobá prognóza vývoja cien ropy bakalárska práca

Enregistré dans:
Détails bibliographiques
Auteur principal: Kurčíková, Radka
Collectivité auteur: Fakulta hospodárskej informatiky EU. Katedra štatistiky
Autres auteurs: Izakovičová, Michaela
Format: Livre
Langue:slovaque
Publié: Bratislava 2015
Tags: Ajouter un tag
Pas de tags, Soyez le premier à ajouter un tag!

MARC

LEADER 00000nbm a2200000 4500
001 0204168
005 20161212114842.4
041 0 |a slo 
044 |a SK 
245 1 0 |a Krátkodobá prognóza vývoja cien ropy  |b bakalárska práca  |c Radka Kurčíková ; školiteľ: Michaela Izakovičová 
264 1 |a Bratislava  |c 2015 
300 |a 54 s. 
100 1 |a Kurčíková, Radka 
700 1 |a Izakovičová, Michaela 
710 2 |a Fakulta hospodárskej informatiky EU. Katedra štatistiky